| 000 | 00640nam a2200193 i 4500 | ||
|---|---|---|---|
| 001 | 26538 | ||
| 003 | ES-MaACL | ||
| 005 | 20230906153446.0 | ||
| 007 | t| | ||
| 008 | 030109s1927 gt ||||1| spa d | ||
| 080 | _a821.134.2(728.1)-32"19" | ||
| 100 | 1 |
_aArévalo Martínez, Rafael. _922664 |
|
| 245 | 1 | 3 |
_aEl hombre que parecía un caballo ; _bLas rosas de Engaddi / _cRafael Arévalo Martínez ; prólogo de Antonio Rey Soto. |
| 260 |
_aGuatemala : _b[s.n.], _c1927 ( _fTip. Sánchez & de Guise) |
||
| 300 |
_a180 p. ; _c18 cm. |
||
| 700 | 1 |
_aRey Soto, Antonio. _996541 |
|
| 740 | 4 | 2 | _aLas rosas de Engaddi. |
| 852 |
_aES-MaACL _jF-8191 |
||
| 999 |
_c26538 _d26538 |
||